[Event "BCF-chT3a 0001 (4NCL)"]
[Site "Birmingham"]
[Date "2000.11.26"]
[Round "4.1"]
[White "Shepley, Julien M"]
[Black "Farndon, David Alexander"]
[Result "0-1"]
[WhiteElo "2126"]
[BlackElo "2258"]
[PlyCount "68"]
[EventDate "2000.11.26"]
[EventType "team-tourn"]
[EventRounds "7"]
[EventCountry "ENG"]
[SourceTitle "EXT 2002"]
[Source "ChessBase"]
[SourceDate "2001.11.25"]
[SourceVersion "1"]
[SourceVersionDate "2001.11.25"]
[SourceQuality "1"]
[WhiteTeam "Guildford III"]
[BlackTeam "Beeson Gregory III"]
[WhiteTeamCountry "ENG"]
[BlackTeamCountry "ENG"]

1. Nc3 c5 2. e4 Nc6 3. Nge2 g6 4. g3 Bg7 5. Bg2 d6 6. d3 Rb8 7. Be3 Nd4 8. Nc1 b5 9. Nd5 e6 10. Nf4 Ne7 11. c3 Ndc6 12. 0-0 0-0 13. Qd2 b4 14. Nb3 a5 15. Rad1 a4 16. Nc1 a3 17. Nce2 axb2 18. Qxb2 bxc3 19. Qc1 Qa5 20. d4 cxd4 21. Nxd4 Nxd4 22. Bxd4 Bxd4 23. Rxd4 e5 24. Nd5 exd4 25. Nxe7+ Kg7 26. Nc6 Qb6 27. Nxb8 Qxb8 28. Qa3 Be6 29. Qa4 Qb6 30. Rc1 Rc8 31. Bf1 Rc7 32. a3 Ra7 33. Qb4 Qc5 34. Rd1 Rxa3 0-1

[Event "BCF-chT3a 0001 (4NCL)"]
[Site "Birmingham"]
[Date "2000.11.25"]
[Round "3.1"]
[White "Farndon, David Alexander"]
[Black "Jones, Iolo Cerredig"]
[Result "1/2-1/2"]
[WhiteElo "2258"]
[BlackElo "2277"]
[PlyCount "33"]
[EventDate "2000.11.26"]
[EventType "team-tourn"]
[EventRounds "7"]
[EventCountry "ENG"]
[SourceTitle "EXT 2002"]
[Source "ChessBase"]
[SourceDate "2001.11.25"]
[SourceVersion "1"]
[SourceVersionDate "2001.11.25"]
[SourceQuality "1"]
[WhiteTeam "Beeson Gregory III"]
[BlackTeam "Gwent Dragons"]
[WhiteTeamCountry "ENG"]
[BlackTeamCountry "ENG"]

1. c4 Nf6 2. g3 d5 3. cxd5 Nxd5 4. Bg2 e6 5. Nc3 Be7 6. Nf3 0-0 7. 0-0 b6 8. d4 Bb7 9. Nxd5 Bxd5 10. Be3 Nd7 11. Qa4 c5 12. Rfd1 cxd4 13. Bxd4 Qe8 14. Rac1 Nc5 15. Qxe8 Rfxe8 16. Ne5 Bxg2 17. Kxg2 1/2-1/2

[Event "BCF-chT2 9900 (4NCL)"]
[Site "Birmingham"]
[Date "2000.03.26"]
[Round "8.1"]
[White "Duncan, Christopher R"]
[Black "Farndon, David Alexander"]
[Result "1/2-1/2"]
[WhiteElo "2302"]
[BlackElo "2253"]
[PlyCount "58"]
[EventDate "1999.10.??"]
[EventType "team-tourn"]
[EventRounds "11"]
[EventCountry "ENG"]
[SourceTitle "EXT 2001"]
[Source "ChessBase"]
[SourceDate "2000.11.22"]
[SourceVersion "1"]
[SourceVersionDate "2000.11.22"]
[SourceQuality "1"]
[WhiteTeam "Barbican II"]
[BlackTeam "Invicta Knights Maidstone II"]
[WhiteTeamCountry "ENG"]
[BlackTeamCountry "ENG"]

1. c4 e5 2. Nc3 Nc6 3. g3 f5 4. Bg2 Nf6 5. d3 Bb4 6. Bd2 a6 7. Nf3 0-0 8. 0-0 d6 9. a3 Bc5 10. b4 Ba7 11. Qb3 Kh8 12. a4 Nd4 13. Nxd4 exd4 14. Nd5 Nxd5 15. cxd5 Qe7 16. Rfe1 Bd7 17. Bf3 h6 18. Rec1 Rac8 19. b5 axb5 20. axb5 Bc5 21. Bb4 b6 22. Bd2 Ra8 23. Ra6 Rfc8 24. Rca1 Qe8 25. h4 Kh7 26. h5 Rab8 27. Rb1 Ra8 28. Rba1 Rab8 29. Rb1 Ra8 1/2-1/2

[Event "BCF-chT 9900 (4NCL)"]
[Site "Birmingham"]
[Date "1999.11.21"]
[Round "4.5"]
[White "Lyell, Mark"]
[Black "Farndon, David Alexander"]
[Result "1/2-1/2"]
[WhiteElo "2238"]
[BlackElo "2236"]
[PlyCount "50"]
[EventDate "1999.10.??"]
[EventType "team-tourn"]
[EventRounds "11"]
[EventCountry "ENG"]
[SourceTitle "EXT 2000"]
[Source "ChessBase"]
[SourceDate "1999.11.16"]
[SourceVersion "1"]
[SourceVersionDate "1999.11.16"]
[SourceQuality "1"]
[WhiteTeam "The ADS"]
[BlackTeam "HH"]
[WhiteTeamCountry "ENG"]
[BlackTeamCountry "ENG"]

1. e4 c5 2. c3 d5 3. exd5 Qxd5 4. d4 Nf6 5. Nf3 Nc6 6. dxc5 Qxd1+ 7. Kxd1 e5 8. Be3 Bg4 9. Nbd2 Nd5 10. Nb3 e4 11. h3 Bxf3+ 12. gxf3 Nxe3+ 13. fxe3 exf3 14. Ke1 0-0-0 15. h4 Be7 16. Bh3+ Kb8 17. Bf5 Ne5 18. Kf2 g6 19. Be4 f5 20. Bxf3 Nd3+ 21. Ke2 Nxc5 22. Nxc5 Bxc5 23. Rad1 Rxd1 24. Rxd1 Re8 25. Rd3 Kc7 1/2-1/2

[Event "BCF-chT2 9900 (4NCL)"]
[Site "Birmingham"]
[Date "1999.11.20"]
[Round "3.1"]
[White "Jones, Iolo Cerredig"]
[Black "Farndon, David Alexander"]
[Result "1-0"]
[WhiteElo "2269"]
[BlackElo "2236"]
[PlyCount "109"]
[EventDate "1999.10.??"]
[EventType "team-tourn"]
[EventRounds "11"]
[EventCountry "ENG"]
[SourceTitle "EXT 2001"]
[Source "ChessBase"]
[SourceDate "2000.11.22"]
[SourceVersion "1"]
[SourceVersionDate "2000.11.22"]
[SourceQuality "1"]
[WhiteTeam "Gwent Dragons"]
[BlackTeam "Invicta Knights Maidstone II"]
[WhiteTeamCountry "ENG"]
[BlackTeamCountry "ENG"]

1. d4 d5 2. Nf3 Nf6 3. Bg5 Ne4 4. Bf4 Bf5 5. e3 e6 6. Nbd2 Be7 7. Nxe4 Bxe4 8. Bd3 Bxd3 9. Qxd3 0-0 10. 0-0 Nd7 11. e4 dxe4 12. Qxe4 c6 13. Rfe1 Nf6 14. Qe2 Qb6 15. c3 c5 16. Rad1 Rfd8 17. dxc5 Bxc5 18. Bg5 Rxd1 19. Rxd1 Be7 20. Ne5 Rd8 21. Bxf6 Bxf6 22. Nd7 Qc7 23. Nxf6+ gxf6 24. h3 Rxd1+ 25. Qxd1 b6 26. Qg4+ Kf8 27. Qe4 f5 28. Qd4 Kg8 29. g3 Qe7 30. h4 e5 31. Qd1 Qe6 32. b3 Kg7 33. Qd8 h6 34. Qd3 Qf6 35. Qf3 Qe6 36. c4 Kg6 37. Qa8 a5 38. Qg8+ Kf6 39. Qd8+ Kg7 40. c5 bxc5 41. Qxa5 Qd5 42. Qc3 f6 43. Qc2 f4 44. gxf4 exf4 45. Qe2 f3 46. Qe7+ Kg6 47. Kh2 h5 48. Kg3 c4 49. Qe3 Qf5 50. Qxf3 Qe5+ 51. Kg2 c3 52. Qd3+ f5 53. Kf1 Kf6 54. Qa6+ Ke7 55. Qe2 1-0

[Event "BCF-ch 86th"]
[Site "Scarborough"]
[Date "1999.08.05"]
[Round "5"]
[White "Pert, Nicholas"]
[Black "Farndon, David Alexander"]
[Result "1-0"]
[WhiteElo "2425"]
[BlackElo "2238"]
[PlyCount "83"]
[EventDate "1999.08.05"]
[EventType "swiss"]
[EventRounds "11"]
[EventCountry "ENG"]
[SourceTitle "CBM 071 Extra"]
[Source "ChessBase"]
[SourceDate "1999.09.14"]
[SourceVersion "1"]
[SourceVersionDate "1999.09.14"]
[SourceQuality "1"]

1. d4 Nf6 2. Nf3 g6 3. g3 Bg7 4. Bg2 0-0 5. 0-0 d6 6. c4 c5 7. dxc5 dxc5 8. Nc3 Nc6 9. Bf4 Qxd1 10. Rfxd1 Be6 11. Ne5 Nxe5 12. Bxe5 Bxc4 13. Bxb7 Rad8 14. b3 Be6 15. Nb5 Bd5 16. Bxd5 Nxd5 17. Bxg7 Kxg7 18. Rac1 a6 19. Rxc5 e6 20. Nd4 Nf6 21. e3 Rfe8 22. Rdc1 e5 23. Nf3 Ne4 24. Rxe5 Rxe5 25. Nxe5 Rd2 26. Rc7 Kf6 27. f4 Nd6 28. Rc6 Kf5 29. Nf3 Rd1+ 30. Kf2 Ne4+ 31. Ke2 Rb1 32. Rc2 f6 33. Nd2 Rh1 34. Nxe4 Kxe4 35. Rc4+ Kf5 36. Kf3 Rf1+ 37. Kg2 Re1 38. Kf2 Rh1 39. h3 Rh2+ 40. Kf3 Rxa2 41. Rc6 g5 42. e4+ 1-0

[Event "BCF-ch 86th"]
[Site "Scarborough"]
[Date "1999.08.03"]
[Round "3"]
[White "Sasikiran, Krishnan"]
[Black "Farndon, David Alexander"]
[Result "0-1"]
[WhiteElo "2536"]
[BlackElo "2238"]
[PlyCount "86"]
[EventDate "1999.08.05"]
[EventType "swiss"]
[EventRounds "11"]
[EventCountry "ENG"]
[SourceTitle "CBM 071 Extra"]
[Source "ChessBase"]
[SourceDate "1999.09.14"]
[SourceVersion "1"]
[SourceVersionDate "1999.09.14"]
[SourceQuality "1"]

1. d4 d5 2. c4 c6 3. Nc3 Nf6 4. e3 e6 5. Nf3 Nbd7 6. Bd3 Bd6 7. 0-0 0-0 8. e4 dxc4 9. Bxc4 e5 10. Bg5 Qe7 11. Re1 Re8 12. d5 Nb6 13. Bb3 Bg4 14. h3 Bh5 15. dxc6 bxc6 16. g4 Bg6 17. Nh4 Bc5 18. Qf3 Bd4 19. Nf5 Bxf5 20. gxf5 h6 21. Bd2 Red8 22. Kh1 Nbd7 23. Rg1 Kh7 24. Rg3 Nc5 25. Rag1 Rg8 26. Bc2 a5 27. Nd1 Qd7 28. Bc1 Rab8 29. b3 Qe8 30. Ne3 Ncd7 31. h4 g6 32. Nc4 Nh5 33. R3g2 Qe7 34. Nxa5 Rbc8 35. Nc4 Qxh4+ 36. Rh2 Qf6 37. Ne3 Bxe3 38. Bxe3 Ra8 39. a4 Nf4 40. Bxf4 exf4 41. fxg6+ fxg6 42. Qh3 Qg7 43. Rxg6 Qa1+ 0-1

[Event "BCF-chT 9899 (4NCL)"]
[Site "England"]
[Date "1999.03.21"]
[Round "8.5"]
[White "Farndon, David Alexander"]
[Black "Spraggett, Kevin"]
[Result "1/2-1/2"]
[WhiteElo "2263"]
[BlackElo "2523"]
[PlyCount "105"]
[EventDate "1998.10.??"]
[EventType "team-tourn"]
[EventRounds "11"]
[EventCountry "ENG"]
[SourceTitle "EXT 2000"]
[Source "ChessBase"]
[SourceDate "1999.11.16"]
[SourceVersion "1"]
[SourceVersionDate "1999.11.16"]
[SourceQuality "1"]
[WhiteTeam "Invicta Knights Maidstone"]
[BlackTeam "Slough"]
[WhiteTeamCountry "ENG"]
[BlackTeamCountry "ENG"]

1. Nf3 Nf6 2. c4 c5 3. g3 e6 4. Bg2 a6 5. Nc3 Qc7 6. 0-0 d6 7. b3 Be7 8. Bb2 0-0 9. d4 cxd4 10. Nxd4 Re8 11. Rc1 Nbd7 12. Re1 Ne5 13. e3 Bd7 14. Re2 Rab8 15. Rd2 Qa5 16. Ne4 Nxe4 17. Bxe4 Ng6 18. Bg2 Red8 19. Rdc2 Bf8 20. Bc3 Qc7 21. Bb2 Rbc8 22. Qe2 Qb8 23. Nf3 h6 24. Nd4 b6 25. Qd2 Ne5 26. Qd1 Rc7 27. Qe2 Rdc8 28. Qd1 Be8 29. Nf3 Nd7 30. e4 e5 31. Bh3 Rd8 32. Nd2 Nc5 33. Qe2 b5 34. Qe3 Qb7 35. cxb5 axb5 36. b4 Na6 37. Rxc7 Nxc7 38. a3 Ne6 39. Bg2 Be7 40. h4 Qa6 41. Qd3 Qb6 42. Nf1 Qb7 43. Ne3 Bc6 44. Nd5 Bf8 45. Qd1 Rc8 46. Qd3 Bd7 47. Rxc8 Bxc8 48. Bc1 Bd7 49. Be3 Bc6 50. Qc3 Kh8 51. Qd3 Kg8 52. Qc3 Kh8 53. Qd3 1/2-1/2

[Event "Jersey op"]
[Site "St Helier"]
[Date "1999.02.17"]
[Round "4"]
[White "Farndon, David Alexander"]
[Black "Holt, Philip J"]
[Result "1-0"]
[WhiteElo "2263"]
[BlackElo "2260"]
[PlyCount "113"]
[EventDate "1999.02.??"]
[EventType "swiss"]
[EventRounds "7"]
[EventCountry "JCI"]
[SourceTitle "EXT 2000"]
[Source "ChessBase"]
[SourceDate "1999.11.16"]
[SourceVersion "1"]
[SourceVersionDate "1999.11.16"]
[SourceQuality "1"]

1. Nf3 Nf6 2. c4 g6 3. g3 Bg7 4. Bg2 0-0 5. 0-0 d6 6. Nc3 e5 7. d3 Nc6 8. Rb1 a5 9. Bg5 h6 10. Bxf6 Bxf6 11. a3 Bg7 12. b4 axb4 13. axb4 Be6 14. b5 Na5 15. Qc2 c5 16. Nd2 Rc8 17. Nd5 b6 18. Rbd1 Bxd5 19. Bxd5 Qd7 20. e3 Kh7 21. Kg2 f5 22. h4 f4 23. Nf3 Nb7 24. Rh1 Nd8 25. Be4 h5 26. d4 Qe8 27. dxe5 dxe5 28. Rd6 Rf6 29. Rhd1 Ne6 30. Nxe5 fxe3 31. fxe3 Nd4 32. Bxg6+ Qxg6 33. Qxg6+ Rxg6 34. Nxg6 Nf5 35. Kf3 Nxd6 36. Rxd6 Ra8 37. Nf4 Ra4 38. Rxb6 Rxc4 39. Rc6 Rc3 40. Nd5 Rc1 41. b6 c4 42. b7 Be5 43. Re6 c3 44. Nxc3 Rxc3 45. Rxe5 Rb3 46. Re7+ Kg6 47. Ke4 Kf6 48. Rc7 Ke6 49. Rh7 Rb4+ 50. Kd3 Kf6 51. Kc3 Rb1 52. Kd4 Ke6 53. Kc5 Rc1+ 54. Kb6 Rb1+ 55. Kc7 Rc1+ 56. Kd8 Rd1+ 57. Kc8 1-0

[Event "BCF-chT2 9899 (4NCL)"]
[Site "England"]
[Date "1999.01.24"]
[Round "6.2"]
[White "Smith, Andrew Philip"]
[Black "Farndon, David Alexander"]
[Result "1/2-1/2"]
[WhiteElo "2290"]
[BlackElo "2263"]
[PlyCount "72"]
[EventDate "1998.10.??"]
[EventType "team-tourn"]
[EventRounds "11"]
[EventCountry "ENG"]
[SourceTitle "EXT 2000"]
[Source "ChessBase"]
[SourceDate "1999.11.16"]
[SourceVersion "1"]
[SourceVersionDate "1999.11.16"]
[SourceQuality "1"]
[WhiteTeam "Slough II"]
[BlackTeam "Invicta Knights Maidstone II"]
[WhiteTeamCountry "ENG"]
[BlackTeamCountry "ENG"]

1. e4 c5 2. Nf3 Nc6 3. d4 cxd4 4. Nxd4 g6 5. Nc3 Bg7 6. Be3 Nf6 7. Bc4 Qa5 8. 0-0 0-0 9. Bb3 d6 10. h3 Bd7 11. f4 Nxd4 12. Bxd4 Bc6 13. f5 Rae8 14. Qd3 Nd7 15. Bxg7 Kxg7 16. Rad1 Qe5 17. Bd5 Nf6 18. Rde1 Rc8 19. Qd2 b5 20. Bxc6 Rxc6 21. Rf4 b4 22. Nd5 Nxd5 23. exd5 Rxc2 24. Rxe5 Rxd2 25. Rxe7 a5 26. fxg6 hxg6 27. a3 bxa3 28. bxa3 Rxd5 29. Ra7 Rc5 30. Ra4 Rb8 31. R7xa5 Rb1+ 32. Kh2 Rc2 33. Rd5 Rbb2 34. Rg4 Rd2 35. Rdd4 Kf6 36. a4 Ke6 1/2-1/2

[Event "Sutton op"]
[Site "Sutton"]
[Date "1999.??.??"]
[Round "4"]
[White "Farndon, David Alexander"]
[Black "Spanton, Timothy"]
[Result "0-1"]
[WhiteElo "2263"]
[BlackElo "2096"]
[PlyCount "90"]
[EventDate "1999.??.??"]
[EventType "swiss"]
[EventRounds "7"]
[EventCountry "ENG"]
[SourceTitle "EXT 2000"]
[Source "ChessBase"]
[SourceDate "1999.11.16"]
[SourceVersion "1"]
[SourceVersionDate "1999.11.16"]
[SourceQuality "1"]

1. Nf3 c5 2. c4 Nc6 3. g3 g6 4. Bg2 Bg7 5. Nc3 e5 6. 0-0 Nge7 7. d3 0-0 8. a3 d6 9. Rb1 f5 10. Bg5 Bf6 11. e3 Kg7 12. Bxf6+ Rxf6 13. b4 Qf8 14. Nd2 Rb8 15. f4 b6 16. Nd5 Nxd5 17. cxd5 Ne7 18. fxe5 dxe5 19. bxc5 Ba6 20. d4 Bxf1 21. Nxf1 e4 22. Qb3 Qf7 23. d6 Qxb3 24. Rxb3 Nd5 25. Nd2 Rc8 26. Nc4 bxc5 27. Rb7+ Rf7 28. Rxf7+ Kxf7 29. d7 Rd8 30. dxc5 Rxd7 31. Ne5+ Ke6 32. Nxd7 Kxd7 33. Kf2 Kc6 34. h3 Kxc5 35. Bf1 a5 36. g4 fxg4 37. hxg4 g5 38. Ba6 Nc3 39. Ke1 a4 40. Kf2 h6 41. Ke1 Nb1 42. Bb7 Nxa3 43. Bxe4 Nc4 44. Ke2 a3 45. Bb1 Ne5 0-1

[Event "BCF-chT2 9798 (4NCL)"]
[Site "England"]
[Date "1998.05.24"]
[Round "1.3"]
[White "Farndon, David Alexander"]
[Black "Corkett, Anthony R"]
[Result "1/2-1/2"]
[WhiteElo "2230"]
[BlackElo "2295"]
[PlyCount "66"]
[EventDate "1997.11.??"]
[EventType "team-tourn"]
[EventRounds "11"]
[EventCountry "ENG"]
[SourceTitle "EXT 1999"]
[Source "ChessBase"]
[SourceDate "1998.11.16"]
[SourceVersion "1"]
[SourceVersionDate "1998.11.16"]
[SourceQuality "1"]
[WhiteTeam "Invicta Knights Maidstone II"]
[BlackTeam "Wessex"]
[WhiteTeamCountry "ENG"]
[BlackTeamCountry "ENG"]

1. d4 Nf6 2. Nf3 e6 3. c4 d5 4. Nc3 Be7 5. Bg5 0-0 6. e3 h6 7. Bh4 b6 8. Be2 Bb7 9. Bxf6 Bxf6 10. cxd5 exd5 11. b4 c6 12. 0-0 Nd7 13. Qb3 b5 14. a4 a6 15. a5 Re8 16. Bd3 Nf8 17. Ne2 Ne6 18. Rad1 Ng5 19. Nxg5 hxg5 20. Ng3 Bc8 21. Rc1 Qd6 22. Nf5 Bxf5 23. Bxf5 Be7 24. Rc2 g6 25. Bg4 Ra7 26. Rfc1 Rc7 27. g3 Kg7 28. Kg2 Rd8 29. h3 f5 30. Bf3 Qe6 31. g4 Rd6 32. Rc5 Bd8 33. R1c2 Kf6 1/2-1/2

[Event "Sutton op"]
[Site "Sutton"]
[Date "1997.??.??"]
[Round "?"]
[White "Lalic, Susan"]
[Black "Farndon, David Alexander"]
[Result "1-0"]
[WhiteElo "2405"]
[BlackElo "2245"]
[PlyCount "109"]
[EventDate "1997.??.??"]
[EventType "swiss"]
[EventRounds "9"]
[EventCountry "ENG"]
[SourceTitle "EXT 2000"]
[Source "ChessBase"]
[SourceDate "1999.11.16"]
[SourceVersion "1"]
[SourceVersionDate "1999.11.16"]
[SourceQuality "1"]

1. e4 c6 2. d4 d5 3. Nd2 dxe4 4. Nxe4 Nd7 5. Bc4 Ngf6 6. Nxf6+ Nxf6 7. c3 b5 8. Be2 Bf5 9. a4 Qb6 10. axb5 cxb5 11. Qb3 Rb8 12. Be3 e6 13. Qa2 Rb7 14. Nf3 Nd5 15. 0-0 Bd6 16. Qa5 Bb8 17. Qxb6 Rxb6 18. Ra5 b4 19. c4 Nxe3 20. fxe3 b3 21. c5 Rb4 22. Rb5 Rxb5 23. Bxb5+ Ke7 24. Bc4 Bc7 25. Ra1 a5 26. Ra3 Be4 27. Bxb3 Rb8 28. Nd2 Bc6 29. Ra2 Rb4 30. Bc4 f5 31. b3 a4 32. bxa4 Rxa4 33. Rxa4 Bxa4 34. Nf3 Kf6 35. Kf2 Bc6 36. g3 h6 37. Nd2 g5 38. Be2 g4 39. Bf1 Bd5 40. Bg2 Ba5 41. Nb1 Bb3 42. Na3 Ke7 43. Nb5 Ba4 44. Nd6 Bc7 45. Nc4 Kd8 46. Ne5 Bxe5 47. dxe5 Kc7 48. e4 Bc2 49. exf5 Bxf5 50. Ke3 Kd7 51. Kf4 Kc7 52. Be4 Bxe4 53. Kxe4 Kc6 54. Kf4 Kd5 55. c6 1-0